000 nam a22 7a 4500
999 _c4888
_d235392
080 _a347.961 C 751
245 _aIndice Repertorio
_bCuaderno de Apuntes Notariales
260 _aLla Plata
_bFEN: Editora Notarial
_cEnero 2007- Febrero 2009
300 _a24 P.
942 _2ddc
945 _acd
_d2018-11-07